[Event "Stay Safe Play From Home 274"]
[Site "Emanuel Lasker Arena"]
[Date "2020.07.03"]
[Round "7"]
[White "Greblha"]
[Black "SecantFX"]
[Result "1-0"]
[WhiteElo "1963"]
[BlackElo "1933"]
[PlyCount "105"]
[EventDate "2020.07.03"]
[EventType "swiss (blitz)"]

1. e4 {[%emt 0:00:01]} d5 {[%emt 0:00:00]} 2. Nc3 {[%emt 0:00:02]} d4 {[%emt 0:00:01]} 3. Nce2 {[%emt 0:00:01]} c5 {[%emt 0:00:00]} 4. Ng3 {[%emt 0:00:02]} Nc6 {[%emt 0:00:00]} 5. Nf3 {[%emt 0:00:02]} e5 {[%emt 0:00:01]} 6. Bc4 {[%emt 0:00:02]} Nf6 {[%emt 0:00:02]} 7. Ng5 {[%emt 0:00:02]} Be6 {[%emt 0:00:07]} 8. Bxe6 {[%emt 0:00:01]} fxe6 {[%emt 0:00:00]} 9. Nxe6 {[%emt 0:00:01]} Qe7 {[%emt 0:00:01]} 10. Nxf8 {[%emt 0:00:01]} Rxf8 {[%emt 0:00:01]} 11. d3 {[%emt 0:00:00]} g6 {[%emt 0:00:01]} 12. Bg5 {[%emt 0:00:01]} Qd6 {[%emt 0:00:01]} 13. O-O {[%emt 0:00:01]} O-O-O {[%emt 0:00:02]} 14. Bxf6 {[%emt 0:00:01]} Rxf6 {[%emt 0:00:01]} 15. Qg4+ {[%emt 0:00:00]} Kc7 {[%emt 0:00:01]} 16. f3 {[%emt 0:00:01]} Rdf8 {[%emt 0:00:01]} 17. Ne2 {[%emt 0:00:01]} h5 {[%emt 0:00:02]} 18. Qg3 {[%emt 0:00:01]} Qe6 {[%emt 0:00:01]} 19. c3 {[%emt 0:00:01]} Qe7 {[%emt 0:00:01]} 20. cxd4 {[%emt 0:00:01]} Nxd4 {[%emt 0:00:01]} 21. Nxd4 {[%emt 0:00:01]} cxd4 {[%emt 0:00:02]} 22. Rac1+ {[%emt 0:00:00]} Kb8 {[%emt 0:00:01]} 23. Rc4 {[%emt 0:00:01]} a6 {[%emt 0:00:01]} 24. Rfc1 {[%emt 0:00:01]} R8f7 {[%emt 0:00:00]} 25. b4 {[%emt 0:00:01]} Ka7 {[%emt 0:00:02]} 26. a4 {[%emt 0:00:02]} Re6 {[%emt 0:00:02]} 27. b5 {[%emt 0:00:01]} a5 {[%emt 0:00:01]} 28. Qe1 {[%emt 0:00:02]} b6 {[%emt 0:00:01]} 29. Rc6 {[%emt 0:00:02]} Rxc6 {[%emt 0:00:01]} 30. Rxc6 {[%emt 0:00:01]} Qb4 {[%emt 0:00:03]} 31. Qd1 {[%emt 0:00:01]} g5 {[%emt 0:00:03]} 32. h3 {[%emt 0:00:01]} g4 {[%emt 0:00:01]} 33. hxg4 {[%emt 0:00:01]} hxg4 {[%emt 0:00:00]} 34. fxg4 {[%emt 0:00:01]} Qb2 {[%emt 0:00:01]} 35. g5 {[%emt 0:00:01]} Qf2+ {[%emt 0:00:01]} 36. Kh1 {[%emt 0:00:02]} Qh4+ {[%emt 0:00:00]} 37. Kg1 {[%emt 0:00:02]} Qf2+ {[%emt 0:00:01]} 38. Kh1 {[%emt 0:00:01]} Qf1+ {[%emt 0:00:00]} 39. Qxf1 {[%emt 0:00:02]} Rxf1+ {[%emt 0:00:00]} 40. Kh2 {[%emt 0:00:01]} Rf8 {[%emt 0:00:00]} 41. g6 {[%emt 0:00:00]} Rg8 {[%emt 0:00:01]} 42. Rc7+ {[%emt 0:00:00]} Kb8 {[%emt 0:00:01]} 43. Rc6 {[%emt 0:00:00]} Kb7 {[%emt 0:00:01]} 44. Kg3 {[%emt 0:00:00]} Rg7 {[%emt 0:00:01]} 45. Kg4 {[%emt 0:00:01]} Rc7 {[%emt 0:00:02]} 46. Rxc7+ {[%emt 0:00:02]} Kxc7 {[%emt 0:00:00]} 47. g7 {[%emt 0:00:00]} Kd6 {[%emt 0:00:00]} 48. g8=Q {[%emt 0:00:00]} Kc5 {[%emt 0:00:00]} 49. Qc4+ {[%emt 0:00:01]} Kd6 {[%emt 0:00:01]} 50. Kf5 {[%emt 0:00:01]} Ke7 {[%emt 0:00:02]} 51. Kxe5 {[%emt 0:00:00]} Kf8 {[%emt 0:00:01]} 52. Qxd4 {[%emt 0:00:00]} Kg7 {[%emt 0:00:00]} 53. Qxb6 {[%emt 0:00:01] SecantFX resigns (Lag: Av=0.32s, max=0.5s)} 1-0

[Event "Stay Safe Play From Home 274"]
[Site "Emanuel Lasker Arena"]
[Date "2020.07.03"]
[Round "7"]
[White "Buzaglo"]
[Black "The Next Contender"]
[Result "1-0"]
[WhiteElo "1909"]
[BlackElo "2004"]
[PlyCount "85"]
[EventDate "2020.07.03"]
[EventType "swiss (blitz)"]

1. d4 {[%emt 0:00:00]} d5 {[%emt 0:00:00]} 2. Nf3 {[%emt 0:00:00]} c5 {[%emt 0:00:00]} 3. g3 {[%emt 0:00:00]} e6 {[%emt 0:00:00]} 4. Bg2 {[%emt 0:00:00]} Nf6 {[%emt 0:00:01]} 5. O-O {[%emt 0:00:00]} cxd4 {[%emt 0:00:00]} 6. Nxd4 {[%emt 0:00:01]} Bc5 {[%emt 0:00:00]} 7. c3 {[%emt 0:00:01]} O-O {[%emt 0:00:00]} 8. e4 {[%emt 0:00:01]} dxe4 {[%emt 0:00:01]} 9. Re1 {[%emt 0:00:02]} Nc6 {[%emt 0:00:01]} 10. Nxc6 {[%emt 0:00:03]} Qxd1 {[%emt 0:00:02]} 11. Rxd1 {[%emt 0:00:00]} bxc6 {[%emt 0:00:01]} 12. Nd2 {[%emt 0:00:01]} e3 {[%emt 0:00:02]} 13. fxe3 {[%emt 0:00:02]} Bxe3+ {[%emt 0:00:00]} 14. Kh1 {[%emt 0:00:01]} Ba6 {[%emt 0:00:02]} 15. Nf3 {[%emt 0:00:02]} Rac8 {[%emt 0:00:02]} 16. Bxe3 {[%emt 0:00:01]} Rfd8 {[%emt 0:00:01]} 17. Bxa7 {[%emt 0:00:01]} Ng4 {[%emt 0:00:02]} 18. h3 {[%emt 0:00:03]} Nf2+ {[%emt 0:00:01]} 19. Bxf2 {[%emt 0:00:02]} Be2 {[%emt 0:00:03]} 20. Rxd8+ {[%emt 0:00:01]} Rxd8 {[%emt 0:00:00]} 21. Kh2 {[%emt 0:00:01]} Bxf3 {[%emt 0:00:01]} 22. Bxf3 {[%emt 0:00:01]} Rd2 {[%emt 0:00:00]} 23. Kg2 {[%emt 0:00:00]} Rxb2 {[%emt 0:00:01]} 24. Rd1 {[%emt 0:00:03]} g5 {[%emt 0:00:01]} 25. g4 {[%emt 0:00:01]} Rxa2 {[%emt 0:00:02]} 26. Rd6 {[%emt 0:00:01]} f5 {[%emt 0:00:01]} 27. gxf5 {[%emt 0:00:01]} exf5 {[%emt 0:00:00]} 28. Bxc6 {[%emt 0:00:02]} Ra6 {[%emt 0:00:01]} 29. Bd5+ {[%emt 0:00:01]} Kg7 {[%emt 0:00:01]} 30. Rxa6 {[%emt 0:00:00]} g4 {[%emt 0:00:01]} 31. hxg4 {[%emt 0:00:01]} fxg4 {[%emt 0:00:00]} 32. Kg3 {[%emt 0:00:00]} h5 {[%emt 0:00:00]} 33. Kh4 {[%emt 0:00:00]} g3 {[%emt 0:00:02]} 34. Bxg3 {[%emt 0:00:00]} Kh7 {[%emt 0:00:01]} 35. Kxh5 {[%emt 0:00:00]} Kg7 {[%emt 0:00:01]} 36. Ra7+ {[%emt 0:00:00]} Kf8 {[%emt 0:00:00]} 37. Kg6 {[%emt 0:00:02]} Ke8 {[%emt 0:00:00]} 38. Kf6 {[%emt 0:00:01]} Kd8 {[%emt 0:00:00]} 39. Ke6 {[%emt 0:00:01]} Kc8 {[%emt 0:00:02]} 40. Kd6 {[%emt 0:00:01]} Kb8 {[%emt 0:00:00]} 41. Rg7 {[%emt 0:00:01]} Kc8 {[%emt 0:00:01]} 42. Be6+ {[%emt 0:00:01]} Kd8 {[%emt 0:00:01]} 43. Rg8# {[%emt 0:00:01] (Lag: Av=0.57s, max=0.7s)} 1-0

[Event "Stay Safe Play From Home 274"]
[Site "Emanuel Lasker Arena"]
[Date "2020.07.03"]
[Round "8"]
[White "Uber_WING"]
[Black "NeatFox"]
[Result "1-0"]
[WhiteElo "2380"]
[BlackElo "1985"]
[PlyCount "71"]
[EventDate "2020.07.03"]
[EventType "swiss (blitz)"]

1. e4 {[%emt 0:00:01]} c6 {[%emt 0:00:00]} 2. Nf3 {[%emt 0:00:00]} d5 {[%emt 0:00:00]} 3. Nc3 {[%emt 0:00:00]} dxe4 {[%emt 0:00:01]} 4. Nxe4 {[%emt 0:00:00]} Nf6 {[%emt 0:00:00]} 5. Qe2 {[%emt 0:00:00]} Nxe4 {[%emt 0:00:01]} 6. Qxe4 {[%emt 0:00:00]} Nd7 {[%emt 0:00:02]} 7. Bc4 {[%emt 0:00:02]} Nf6 {[%emt 0:00:01]} 8. Ne5 {[%emt 0:00:00]} e6 {[%emt 0:00:03]} 9. Qe2 {[%emt 0:00:01]} Bd6 {[%emt 0:00:02]} 10. d3 {[%emt 0:00:00]} O-O {[%emt 0:00:01]} 11. Bf4 {[%emt 0:00:01]} Qc7 {[%emt 0:00:02]} 12. d4 {[%emt 0:00:01]} Nd7 {[%emt 0:00:02]} 13. Bd3 {[%emt 0:00:02]} Nxe5 {[%emt 0:00:01]} 14. dxe5 {[%emt 0:00:01]} Bc5 {[%emt 0:00:01]} 15. Qh5 {[%emt 0:00:01]} g6 {[%emt 0:00:01]} 16. Qh6 {[%emt 0:00:01]} Be7 {[%emt 0:00:02]} 17. h4 {[%emt 0:00:01]} Rd8 {[%emt 0:00:02]} 18. h5 {[%emt 0:00:01]} Bf8 {[%emt 0:00:01]} 19. Qg5 {[%emt 0:00:01]} Bg7 {[%emt 0:00:02]} 20. hxg6 {[%emt 0:00:01]} fxg6 {[%emt 0:00:01]} 21. Qh4 {[%emt 0:00:01]} h5 {[%emt 0:00:05]} 22. O-O-O {[%emt 0:00:02]} Rxd3 {[%emt 0:00:02]} 23. Rxd3 {[%emt 0:00:01]} Qf7 {[%emt 0:00:00]} 24. Bg5 {[%emt 0:00:06]} Bd7 {[%emt 0:00:01]} 25. Rhd1 {[%emt 0:00:01]} Be8 {[%emt 0:00:01]} 26. Bf6 {[%emt 0:00:01]} Bxf6 {[%emt 0:00:01]} 27. exf6 {[%emt 0:00:00]} b5 {[%emt 0:00:04]} 28. Qg5 {[%emt 0:00:01]} Rc8 {[%emt 0:00:04]} 29. Rd8 {[%emt 0:00:04]} Rxd8 {[%emt 0:00:01]} 30. Rxd8 {[%emt 0:00:00]} Kh7 {[%emt 0:00:01]} 31. Qe5 {[%emt 0:00:03]} Kh6 {[%emt 0:00:01]} 32. Qb8 {[%emt 0:00:04]} Bd7 {[%emt 0:00:02]} 33. Rh8+ {[%emt 0:00:02]} Kg5 {[%emt 0:00:01]} 34. Qe5+ {[%emt 0:00:03]} Kg4 {[%emt 0:00:01]} 35. f3+ {[%emt 0:00:08]} Kh4 {[%emt 0:00:01]} 36. Qf4# {[%emt 0:00:00] (Lag: Av=0.37s, max=0.9s)} 1-0

[Event "Stay Safe Play From Home 274"]
[Site "Emanuel Lasker Arena"]
[Date "2020.07.03"]
[Round "8"]
[White "Mepe_Nika"]
[Black "SoulofWolf"]
[Result "1-0"]
[WhiteElo "2375"]
[BlackElo "2213"]
[Annotator "TA"]
[PlyCount "65"]
[EventDate "2020.07.03"]
[EventType "swiss (blitz)"]

{[%evp 9,65,31,29,26,41,-9,23,16,12,-12,-25,-44,135,158,157,111,168,136,136,152,234,223,326,105,295,158,201,167,293,0,208,0,285,283,278,301,401,0,253,0,372,0,210,164,198,41,34,49,51,-27,12,17,382,237,478,477,1850,1833]} 1. d4 c6 2. Bf4 Nf6 3. e3 g6 4. c4 Bg7 5. Nc3 O-O 6. Be2 {A40: Unusual replies to 1 d4.} d6 7. h4 Nbd7 8. h5 {White has an edge.} e5 {[#]} 9. dxe5 $146 ({Predecessor:} 9. Bg3 Qa5 10. Qc2 Re8 11. O-O-O a6 12. hxg6 fxg6 13. Nh3 Nb6 14. Ng5 exd4 15. exd4 Qxg5+ 16. Kb1 Bf5 {0-1 (16) Melian Guerra,G-Guillermo Gonzalez,A (1881) Las Palmas 2018}) 9... dxe5 10. Bg3 g5 $2 (10... Qe7 $15) 11. h6 $36 {[%mdl 2048] White is on the roll.} Bh8 12. Qc2 {Black must now prevent Qf5!} Nc5 (12... e4 $16) 13. Nf3 e4 14. Nxg5 Qe7 (14... Nd3+ $16 15. Kf1 Bf5) 15. O-O-O $18 {[#] Threatens to win with Bd6.} Bf5 (15... Rd8 $142 16. b4 Nd3+ 17. Bxd3 exd3 18. Rxd3 Rxd3 19. Qxd3 Qxb4) 16. Nh3 $2 (16. Bd6 $18 Nd3+ 17. Bxd3 exd3 18. Qxd3 Bxd3 19. Bxe7) 16... a6 $2 (16... Rfd8 $16 {was necessary.}) 17. Nf4 ({White has to play} 17. Bd6 $18 Nd3+ 18. Bxd3 Qxd6 19. Nxe4 Nxe4 20. Bxe4 {[%mdl 64] Discovered Attack} Bxe4 21. Rxd6 Bxc2 22. Kxc2) 17... b5 18. Bh4 (18. cxb5 axb5 19. a3 b4 $11) 18... Qe5 (18... Rfb8 $142 19. Kb1 bxc4) 19. Bg3 Qe7 $1 20. Bh4 (20. cxb5 axb5 21. a3 b4 $11) 20... Qe5 $1 21. g4 Bg6 22. Bg3 Qe7 23. Bh4 Qe5 $1 24. Bg3 (24. Kb1 $142) 24... Qe7 25. Nh5 $2 (25. Nxg6 $18 fxg6 26. Bd6 Nd3+ 27. Bxd3 exd3 28. Qxd3 (28. Bxe7 dxc2 29. Rd6 Rf7 $18) 28... bxc4 29. Bxe7 cxd3 30. Bxf8 (30. Rxd3 Nxg4 31. Bxf8 Nxf2 $16) 30... Rxf8 31. f3) 25... Rfe8 $2 (25... Nd3+ $1 $11 {and Black stays safe.} 26. Kb1 (26. Bxd3 exd3 27. Nxf6+ Bxf6 $15) 26... bxc4) 26. Bh4 (26. cxb5 axb5 27. Nf4 b4 $14) 26... Qe6 {[#]} 27. Nxf6+ $2 ({Don't play} 27. cxb5 $6 Nd3+ 28. Bxd3 exd3 $14) (27. Kb1 $1 $18) 27... Bxf6 $14 28. Bxf6 Qxf6 29. Rd4 (29. cxb5 $14 axb5 30. b4 Nd3+ 31. Bxd3 exd3 32. Qb2) 29... Ne6 30. Rd6 ({Wrong is} 30. Nxe4 $2 Qe5 $19) 30... Qe7 $2 {[%mdl 8192]} (30... Qxf2 $11 31. Nd1 Qg2) 31. Rhd1 Rec8 $2 (31... Nd8 {keeps fighting.} 32. Bf1 (32. cxb5 axb5 33. a4 b4 $18) 32... Qh4) 32. Nxe4 $18 Nf8 (32... Rd8 $142 33. c5 Qh4) 33. Qc3 {Accuracy: White = 47%, Black = 28%.} 1-0

[Event "Stay Safe Play From Home 274"]
[Site "Emanuel Lasker Arena"]
[Date "2020.07.03"]
[Round "8"]
[White "BrainThinker22"]
[Black "Greblha"]
[Result "1-0"]
[WhiteElo "2369"]
[BlackElo "1979"]
[Annotator "NA"]
[PlyCount "101"]
[EventDate "2020.07.03"]
[EventType "swiss (blitz)"]

1. e4 {[%emt 0:00:01]} c6 {[%emt 0:00:00]} 2. d4 {[%emt 0:00:01]} d5 {[%emt 0:00:00]} 3. exd5 {[%emt 0:00:00]} cxd5 {[%emt 0:00:01]} 4. c4 {[%emt 0:00:00]} Nf6 {[%emt 0:00:01]} 5. Nc3 {[%emt 0:00:02]} Nc6 {[%emt 0:00:01]} 6. Nf3 {[%emt 0:00:01]} Be6 {[%emt 0:00:01]} 7. cxd5 {[%emt 0:00:01]} Nxd5 {[%emt 0:00:01]} 8. Bd3 {[%emt 0:00:00]} g6 {[%emt 0:00:01]} 9. O-O {[%emt 0:00:02]} Bg7 {[%emt 0:00:01]} 10. Re1 {[%emt 0:00:01]} O-O {[%emt 0:00:00]} 11. h3 {[%emt 0:00:00]} Nxc3 {[%emt 0:00:03]} 12. bxc3 {[%emt 0:00:00]} a6 {[%emt 0:00:03]} 13. Ba3 {[%emt 0:00:01]} b5 {[%emt 0:00:02]} 14. Ng5 {[%emt 0:00:01]} Bc4 {[%emt 0:00:05]} 15. Bxc4 {[%emt 0:00:02]} bxc4 {[%emt 0:00:01]} 16. Qa4 {[%emt 0:00:01]} Rc8 {[%emt 0:00:03]} 17. Qxc4 {[%emt 0:00:01]} h6 {[%emt 0:00:03]} 18. Nf3 {[%emt 0:00:06]} Ne5 {[%emt 0:00:01]} 19. Qb3 {[%emt 0:00:06]} Nxf3+ {[%emt 0:00:01]} 20. gxf3 {[%emt 0:00:00]} Qd7 {[%emt 0:00:03]} 21. Kg2 {[%emt 0:00:01]} Rfe8 {[%emt 0:00:02]} 22. Rad1 {[%emt 0:00:03]} Rb8 {[%emt 0:00:01]} 23. Qc2 {[%emt 0:00:01]} Rb5 {[%emt 0:00:01]} 24. f4 {[%emt 0:00:02]} Rh5 {[%emt 0:00:01]} 25. Qd3 {[%emt 0:00:01]} e6 {[%emt 0:00:02]} 26. Qg3 {[%emt 0:00:01]} Bf6 {[%emt 0:00:01]} 27. d5 {[%emt 0:00:04]} exd5 {[%emt 0:00:02]} 28. Rxe8+ {[%emt 0:00:01]} Qxe8 {[%emt 0:00:01]} 29. Qe3 {[%emt 0:00:00]} Qc6 {[%emt 0:00:01]} 30. Qf3 {[%emt 0:00:02]} Kg7 {[%emt 0:00:01]} 31. Bc1 {[%emt 0:00:04]} Rh4 {[%emt 0:00:01]} 32. Be3 {[%emt 0:00:01]} Qe6 {[%emt 0:00:02]} 33. Bd4 {[%emt 0:00:01]} Bxd4 {[%emt 0:00:01]} 34. Rxd4 {[%emt 0:00:00]} Qf6 {[%emt 0:00:02]} 35. Rxd5 {[%emt 0:00:02]} Rxf4 {[%emt 0:00:02]} 36. Qg3 {[%emt 0:00:00]} Rf5 {[%emt 0:00:01]} 37. Rxf5 {[%emt 0:00:01]} Qxf5 {[%emt 0:00:00]} 38. Qf3 {[%emt 0:00:00]} Qg5+ {[%emt 0:00:01]} 39. Qg3 {[%emt 0:00:01]} Qc1 {[%emt 0:00:00]} 40. Qe5+ {[%emt 0:00:01]} Kh7 {[%emt 0:00:02]} 41. Qe3 {[%emt 0:00:00]} Kg7 {[%emt 0:00:00]} 42. Qxc1 {[%emt 0:00:01]} h5 {[%emt 0:00:01]} 43. Qa3 {[%emt 0:00:00]} h4 {[%emt 0:00:00]} 44. Qxa6 {[%emt 0:00:00]} g5 {[%emt 0:00:00]} 45. Qd6 {[%emt 0:00:00]} f6 {[%emt 0:00:00]} 46. Qd4 {[%emt 0:00:00]} Kg6 {[%emt 0:00:00]} 47. c4 {[%emt 0:00:00]} Kf5 {[%emt 0:00:00]} 48. c5 {[%emt 0:00:00]} g4 {[%emt 0:00:00]} 49. c6 {[%emt 0:00:00]} g3 {[%emt 0:00:01]} 50. fxg3 {[%emt 0:00:01]} hxg3 {[%emt 0:00:01]} 51. Qg4+ {[%emt 0:00:00] Zeit (Lag: Av=0.64s, max=1.9s)} 1-0

[Event "Stay Safe Play From Home 274"]
[Site "Emanuel Lasker Arena"]
[Date "2020.07.03"]
[Round "8"]
[White "Lamborghini"]
[Black "Buzaglo"]
[Result "1-0"]
[WhiteElo "2272"]
[BlackElo "1931"]
[PlyCount "143"]
[EventDate "2020.07.03"]
[EventType "swiss (blitz)"]

1. e4 {[%emt 0:00:04]} e6 {[%emt 0:00:00]} 2. d4 {[%emt 0:00:01]} d5 {[%emt 0:00:00]} 3. Nc3 {[%emt 0:00:01]} c5 {[%emt 0:00:01]} 4. exd5 {[%emt 0:00:01]} cxd4 {[%emt 0:00:00]} 5. Qxd4 {[%emt 0:00:01]} Nf6 {[%emt 0:00:02]} 6. Bg5 {[%emt 0:00:02]} exd5 {[%emt 0:00:02]} 7. O-O-O {[%emt 0:00:01]} Be7 {[%emt 0:00:02]} 8. Bxf6 {[%emt 0:00:01]} Bxf6 {[%emt 0:00:00]} 9. Qxd5 {[%emt 0:00:01]} Qb6 {[%emt 0:00:02]} 10. Qb5+ {[%emt 0:00:02]} Qxb5 {[%emt 0:00:01]} 11. Bxb5+ {[%emt 0:00:01]} Nc6 {[%emt 0:00:02]} 12. Nd5 {[%emt 0:00:01]} O-O {[%emt 0:00:02]} 13. Nxf6+ {[%emt 0:00:01]} gxf6 {[%emt 0:00:00]} 14. Bxc6 {[%emt 0:00:01]} bxc6 {[%emt 0:00:00]} 15. Ne2 {[%emt 0:00:01]} Re8 {[%emt 0:00:02]} 16. Nd4 {[%emt 0:00:01]} Bb7 {[%emt 0:00:01]} 17. Nb3 {[%emt 0:00:01]} a5 {[%emt 0:00:02]} 18. Nc5 {[%emt 0:00:01]} Bc8 {[%emt 0:00:01]} 19. Rhe1 {[%emt 0:00:01]} Bf5 {[%emt 0:00:02]} 20. a4 {[%emt 0:00:01]} Rad8 {[%emt 0:00:04]} 21. Rxe8+ {[%emt 0:00:02]} Rxe8 {[%emt 0:00:01]} 22. Kd2 {[%emt 0:00:03]} Rd8+ {[%emt 0:00:01]} 23. Ke1 {[%emt 0:00:01]} Re8+ {[%emt 0:00:01]} 24. Kf1 {[%emt 0:00:01]} Re5 {[%emt 0:00:01]} 25. Nd3 {[%emt 0:00:02]} Bxd3+ {[%emt 0:00:04]} 26. Rxd3 {[%emt 0:00:00]} Rc5 {[%emt 0:00:01]} 27. c3 {[%emt 0:00:01]} Kg7 {[%emt 0:00:02]} 28. b3 {[%emt 0:00:01]} Re5 {[%emt 0:00:01]} 29. g3 {[%emt 0:00:01]} Kg6 {[%emt 0:00:01]} 30. f4 {[%emt 0:00:01]} Re7 {[%emt 0:00:04]} 31. Kf2 {[%emt 0:00:00]} h5 {[%emt 0:00:01]} 32. Rd6 {[%emt 0:00:02]} Rc7 {[%emt 0:00:01]} 33. Ke3 {[%emt 0:00:01]} Kg7 {[%emt 0:00:01]} 34. Kd4 {[%emt 0:00:01]} c5+ {[%emt 0:00:01]} 35. Kc4 {[%emt 0:00:01]} Rb7 {[%emt 0:00:00]} 36. Rd5 {[%emt 0:00:01]} Re7 {[%emt 0:00:02]} 37. Rxh5 {[%emt 0:00:01]} Re2 {[%emt 0:00:00]} 38. h4 {[%emt 0:00:02]} Re3 {[%emt 0:00:01]} 39. Rxc5 {[%emt 0:00:00]} Rxg3 {[%emt 0:00:01]} 40. Rxa5 {[%emt 0:00:00]} Rg4 {[%emt 0:00:00]} 41. Rb5 {[%emt 0:00:02]} f5 {[%emt 0:00:00]} 42. a5 {[%emt 0:00:01]} Kg6 {[%emt 0:00:00]} 43. Kc5 {[%emt 0:00:01]} Rxf4 {[%emt 0:00:00]} 44. Kb6 {[%emt 0:00:00]} Rxh4 {[%emt 0:00:00]} 45. b4 {[%emt 0:00:00]} f4 {[%emt 0:00:00]} 46. a6 {[%emt 0:00:00]} f3 {[%emt 0:00:00]} 47. Ra5 {[%emt 0:00:00]} f2 {[%emt 0:00:00]} 48. Ra1 {[%emt 0:00:00]} f1=Q {[%emt 0:00:00]} 49. Rxf1 {[%emt 0:00:00]} Rg4 {[%emt 0:00:01]} 50. Rxf7 {[%emt 0:00:00]} Rg5 {[%emt 0:00:00]} 51. a7 {[%emt 0:00:01]} Kxf7 {[%emt 0:00:01]} 52. a8=Q {[%emt 0:00:01]} Rg6+ {[%emt 0:00:00]} 53. Qc6 {[%emt 0:00:00]} Kg7 {[%emt 0:00:00]} 54. Qxg6+ {[%emt 0:00:01]} Kxg6 {[%emt 0:00:00]} 55. Kc7 {[%emt 0:00:00]} Kf7 {[%emt 0:00:00]} 56. b5 {[%emt 0:00:00]} Ke6 {[%emt 0:00:00]} 57. b6 {[%emt 0:00:00]} Ke5 {[%emt 0:00:00]} 58. b7 {[%emt 0:00:00]} Kd5 {[%emt 0:00:00]} 59. b8=Q {[%emt 0:00:00]} Kc4 {[%emt 0:00:00]} 60. Qb4+ {[%emt 0:00:00]} Kd3 {[%emt 0:00:00]} 61. Qd6+ {[%emt 0:00:00]} Kc2 {[%emt 0:00:00]} 62. c4 {[%emt 0:00:01]} Kb3 {[%emt 0:00:00]} 63. c5 {[%emt 0:00:00]} Kb4 {[%emt 0:00:00]} 64. Qd4+ {[%emt 0:00:00]} Kb5 {[%emt 0:00:00]} 65. c6 {[%emt 0:00:00]} Ka5 {[%emt 0:00:02]} 66. Qb6+ {[%emt 0:00:00]} Ka4 {[%emt 0:00:01]} 67. Qb7 {[%emt 0:00:00]} Ka3 {[%emt 0:00:01]} 68. Kd6 {[%emt 0:00:00]} Ka4 {[%emt 0:00:00]} 69. Kc5 {[%emt 0:00:00]} Ka3 {[%emt 0:00:00]} 70. Kc4 {[%emt 0:00:00]} Ka2 {[%emt 0:00:00]} 71. Kc3 {[%emt 0:00:00]} Ka1 {[%emt 0:00:00]} 72. Qb2# {[%emt 0:00:01] (Lag: Av=0.47s, max=0.9s)} 1-0

[Event "Stay Safe Play From Home 274"]
[Site "Emanuel Lasker Arena"]
[Date "2020.07.03"]
[Round "8"]
[White "Grizzzly"]
[Black "Broken sword"]
[Result "1/2-1/2"]
[WhiteElo "1898"]
[BlackElo "2469"]
[PlyCount "49"]
[EventDate "2020.07.03"]
[EventType "swiss (blitz)"]

1. d4 {[%emt 0:00:02]} d5 {[%emt 0:00:01]} 2. c4 {[%emt 0:00:01]} c6 {[%emt 0:00:01]} 3. Nc3 {[%emt 0:00:00]} Nf6 {[%emt 0:00:00]} 4. cxd5 {[%emt 0:00:00]} cxd5 {[%emt 0:00:01]} 5. Nf3 {[%emt 0:00:00]} Nc6 {[%emt 0:00:00]} 6. Bf4 {[%emt 0:00:01]} Bf5 {[%emt 0:00:01]} 7. e3 {[%emt 0:00:00]} e6 {[%emt 0:00:00]} 8. Bd3 {[%emt 0:00:00]} Bg4 {[%emt 0:00:01]} 9. Be2 {[%emt 0:00:01]} Qb6 {[%emt 0:00:01]} 10. Ne5 {[%emt 0:00:00]} Qxb2 {[%emt 0:00:03]} 11. O-O {[%emt 0:00:03]} Qxc3 {[%emt 0:00:03]} 12. Bxg4 {[%emt 0:00:01]} Nxg4 {[%emt 0:00:01]} 13. Qxg4 {[%emt 0:00:00]} h5 {[%emt 0:00:03]} 14. Qg3 {[%emt 0:00:02]} g6 {[%emt 0:00:03]} 15. Rac1 {[%emt 0:00:02]} Qb2 {[%emt 0:00:02]} 16. Nxc6 {[%emt 0:00:01]} bxc6 {[%emt 0:00:00]} 17. Rxc6 {[%emt 0:00:01]} Bg7 {[%emt 0:00:01]} 18. Bd6 {[%emt 0:00:02]} Bf8 {[%emt 0:00:01]} 19. Rd1 {[%emt 0:00:04]} Be7 {[%emt 0:00:03]} 20. Bxe7 {[%emt 0:00:02]} Kxe7 {[%emt 0:00:00]} 21. Qd6+ {[%emt 0:00:02]} Kf6 {[%emt 0:00:01]} 22. Qe5+ {[%emt 0:00:01]} Ke7 {[%emt 0:00:01]} 23. Qd6+ {[%emt 0:00:00]} Kf6 {[%emt 0:00:03]} 24. Qe5+ {[%emt 0:00:00]} Ke7 {[%emt 0:00:01]} 25. Qd6+ {[%emt 0:00:00] (Lag: Av=0.27s, max=0.6s)} 1/2-1/2

[Event "Stay Safe Play From Home 274"]
[Site "Emanuel Lasker Arena"]
[Date "2020.07.03"]
[Round "8"]
[White "Rupankar123"]
[Black "Trotsky"]
[Result "0-1"]
[WhiteElo "1506"]
[BlackElo "1609"]
[Annotator "NA"]
[PlyCount "58"]
[EventDate "2020.07.03"]
[EventType "swiss (blitz)"]

1. e4 {[%emt 0:00:24]} c5 {[%emt 0:00:02]} 2. Nf3 {[%emt 0:00:01]} e6 {[%emt 0:00:00]} 3. d4 {[%emt 0:00:00]} d5 {[%emt 0:00:01]} 4. exd5 {[%emt 0:00:04]} exd5 {[%emt 0:00:01]} 5. dxc5 {[%emt 0:00:00]} Bxc5 {[%emt 0:00:02]} 6. Nc3 {[%emt 0:00:00]} Be6 {[%emt 0:00:01]} 7. Be3 {[%emt 0:00:02]} Be7 {[%emt 0:00:04]} 8. Bb5+ {[%emt 0:00:00]} Nc6 {[%emt 0:00:02]} 9. Nd4 {[%emt 0:00:01]} Nf6 {[%emt 0:00:02]} 10. Nxc6 {[%emt 0:00:03]} bxc6 {[%emt 0:00:05]} 11. Bxc6+ {[%emt 0:00:00]} Bd7 {[%emt 0:00:02]} 12. Bxa8 {[%emt 0:00:00]} Qxa8 {[%emt 0:00:01]} 13. O-O {[%emt 0:00:01]} Qb8 {[%emt 0:00:02]} 14. Bd4 {[%emt 0:00:00]} Ng4 {[%emt 0:00:02]} 15. Re1 {[%emt 0:00:00]} Qxh2+ {[%emt 0:00:03]} 16. Kf1 {[%emt 0:00:00]} Qh1+ {[%emt 0:00:01]} 17. Ke2 {[%emt 0:00:00]} Qxg2 {[%emt 0:00:02]} 18. Rg1 {[%emt 0:00:03]} Qh3 {[%emt 0:00:02]} 19. Rg3 {[%emt 0:00:03]} Qh2 {[%emt 0:00:01]} 20. Ke1 {[%emt 0:00:03]} Bh4 {[%emt 0:00:03]} 21. Ke2 {[%emt 0:00:03]} Bxg3 {[%emt 0:00:02]} 22. Qf1 {[%emt 0:00:01]} Qh4 {[%emt 0:00:02]} 23. fxg3 {[%emt 0:00:02]} Qxg3 {[%emt 0:00:02]} 24. Qf3 {[%emt 0:00:01]} Qh2+ {[%emt 0:00:01]} 25. Qf2 {[%emt 0:00:02]} Qd6 {[%emt 0:00:03]} 26. Qf3 {[%emt 0:00:02]} O-O {[%emt 0:00:02]} 27. Kd3 {[%emt 0:00:04]} Nh2 {[%emt 0:00:02]} 28. Re1 {[%emt 0:00:00]} Nxf3 {[%emt 0:00:02]} 29. Re2 {[%emt 0:00:00]} Bf5+ {[%emt 0:00:01] Time (Lag: Av=1.66s, max=3.7s)} 0-1